000 00677nam a22001937a 4500
999 _c63957
_d63957
005 20260226180259.0
008 260226s2007 enk||||| |||| 00| 0 eng d
020 _a9781586485672x
041 _aeng
080 _a327(520) P-99
100 _aPyle, Kenneth B.
_927002
245 _aJapan rising :
_bthe resurgence of Japanese power and purpose /
_cKenneth B. Pyle.
264 _aNew York :
_bPublicAffairs,
_c2007.
300 _a433 p. ;
_b24 cm.
521 _aBibliogr. notes: p. 375-420.
653 _aიაპონიის საგარეო პოლიტიკა.
653 _aიაპონიის პოლიტიკა
942 _2udc
_cᲬᲘᲒᲜᲘ